000 01267nam a2200253Ia 4500
999 _c39051
_d39051
001 5575
003 GE_BSU
005 20190426125140.0
008 181216s1989||||ge |||||||||||||| ||geo||
040 _cGE_BSU
041 _ageo
080 _a624.012.4(075.8) ს-75
100 _aსოხაძე, ა.
_9488
245 _aრკინაბეტონის კონსტრუქციების ელემენტების გაანგარიშება :
_bსახელმძღვ. /
_cა. სოხაძე, ნ. ღლონტი ; რედ. დ. დავითური.
264 _aთბილისი :
_bგანათლება,
_c1989.
300 _a124გვ. :
_bნახაზ, დანართები ;
_c20სმ.
300 _e.
504 _aბიბლიოგრ. : გვ.122.
653 _aრკინაბეტონის კონსტრუქციების ელემენტების გაანგარიშება
653 _aრკინაბეტონის კონსტრუქციები
700 _aღლონტი, ნ.
_eავტორი
_9487
700 _aდავითური,დ.
_eრედაქტორი
_9493
942 _cBK
_2udc